Diccionario ilustrado de frases célebres y citas literarias / (Record no. 191442)

MARC details
000 -LEADER
campo de control de longitud fija 00716nam a22002291 4500
001 - NÚMERO DE CONTROL
campo de control 191442
003 - IDENTIFICADOR DE NÚMERO DE CONTROL
campo de control SpMaBN
005 - FECHA Y HORA DE LA ÚLTIMA TRANSACCIÓN
campo de control 20230706153440.0
008 - DATOS DE LONGITUD FIJA--INFORMACIÓN GENERAL
campo de control de longitud fija 220923s1962 sp |||| | spa
016 7# - NÚMERO DE CONTROL DE UNA AGENCIA BIBLIOGRÁFICA NACIONAL
Número de control del registro bimoBNE19980164618 [
Fuente SpMaBN]
017 ## - NÚMERO DE COPYRIGHT O DE DEPÓSITO LEGAL
Número de copyright o de depósito legal B 16894-1962
Agencia que asigna Oficina Depósito Legal Barcelona
035 ## - NÚMERO DE CONTROL DEL SISTEMA
Número de control de sistema IND9100233044
035 ## - NÚMERO DE CONTROL DEL SISTEMA
Número de control de sistema (OCoLC)434128360
040 ## - FUENTE DE CATALOGACIÓN
Centro catalogador/agencia de origen SpMaBN
Lengua de catalogación spa
Centro/agencia transcriptor A2
080 ## - NÚMERO DE LA CLASIFICACIÓN DECIMAL UNIVERSAL
Número de la Clasificación Decimal Universal 082.22(038)
245 00 - MENCIÓN DEL TÍTULO
Título Diccionario ilustrado de frases célebres y citas literarias /
Mención de responsabilidad, etc. Vicente Vega.
250 ## - MENCION DE EDICION
Mención de edición 3ª ed.
260 ## - PUBLICACIÓN, DISTRIBUCIÓN, ETC.
Lugar de publicación, distribución, etc. Barcelona :
Nombre del editor, distribuidor, etc. Gustavo Gili,
Fecha de publicación, distribución, etc. 1962.
300 ## - DESCRIPCIÓN FÍSICA
Extensión XV, 939 p., lám. 1-44 ;
Dimensiones 23 cm.
650 #7 - PUNTO DE ACCESO ADICIONAL DE MATERIA--TÉRMINO DE MATERIA
Término de materia o nombre geográfico como elemento de entrada Citas-
Subdivisión de forma Diccionarios.
9 (RLIN) 11062
700 1# - ENTRADA AGREGADA--NOMBRE PERSONAL
Nombre de persona Vega, Vicente.
9 (RLIN) 113585
Holdings
Estatus retirado Estado de pérdida Estado de daño No para préstamo Colección Biblioteca de origen Biblioteca actual Ubicación en estantería Fecha de adquisición Total de préstamos Signatura topográfica completa Código de barras Visto por última vez Precio de reemplazo Tipo de ítem Koha
        Colección de referencia Biblioteca del Ateneo de Madrid Biblioteca del Ateneo de Madrid Sala Pecera Referencia 23/09/2022   DIC 082.22 dic 1203791 23/02/2023 23/02/2023 Libro impreso